| 000 | 01734cam0 2200397 ib4500 | ||
|---|---|---|---|
| 001 | BY-BR0000-br20219285550 | ||
| 005 | 20250206122004.0 | ||
| 010 |
^a978-5-17-136675-9 ^bв переплете |
||
| 100 | ^a20211224d2021 d y0rusy50 ca | ||
| 101 | 1 |
^arus ^cger |
|
| 102 | ^aRU | ||
| 105 | ^ay z 000ay | ||
| 109 | ^ama | ||
| 200 | 1 |
^aУровень 4.2. Возвращение в Город детей ^e[для среднего школьного возраста] ^fАндреас Шлютер ^g[перевод с немецкого А. Приймак] |
|
| 210 |
^aМосква ^cWBooks! ^cАСТ ^d2021 |
||
| 215 |
^a270, [1] с. ^d22 см |
||
| 225 | 1 | ^aСерия "Лучшее фэнтези для детей" | |
| 333 | ^a6+ | ||
| 345 | ^92000 экз. | ||
| 608 |
^aФЭНТЕЗИ (лит. произведение) ^3BY-NLB-ar59161 ^2BYGNR |
||
| 608 |
^aПРОЗА (лит. произведение) ^3BY-NLB-ar2648148 ^2BYGNR |
||
| 608 |
^aДЕТСКАЯ И ЮНОШЕСКАЯ ЛИТЕРАТУРА (художеств. произведение) ^3BY-NLB-ar9019 ^2BYGNR |
||
| 606 |
^aХУДОЖЕСТВЕННАЯ ЛИТЕРАТУРА ^3BY-NLB-ar37179 ^2DVNLB |
||
| 606 |
^aЗАРУБЕЖНАЯ ЛИТЕРАТУРА ^3BY-NLB-ar10779 ^2DVNLB |
||
| 606 |
^aНЕМЕЦКАЯ ЛИТЕРАТУРА ^3BY-NLB-ar20312 ^2DVNLB |
||
| 686 |
^a84(4Гем)-4 ^2rubbk |
||
| 690 |
^a1 ^2Base ^9BY-MI0000 ^xRSEK |
||
| 700 | 1 |
^aШлютер ^bА. |
|
| 702 | 1 |
^aПриймак ^bА. ^4730 |
|
| 801 | 0 |
^aBY ^bBY-BR0000 ^c20211224 ^gRCR |
|
| 801 | 2 |
^aBY ^bBY-MI0000 ^c20241219 ^gRCR |
|
| 035 | ^a(BY-MI0000)BY-BR0000-br20219285550 | ||
| 899 | 0 |
^aBY-MI0000 ^iШ69 ^h84(4Гем) |
|